|
|
|
|
| LEADER |
01105nam a2200229 i 4500 |
| 003 |
GR-PaULI |
| 005 |
20241007142246.0 |
| 007 |
ta |
| 008 |
210903s1927 gr ao g 000 1 gre d |
| 952 |
|
|
|0 0
|1 0
|2 ddc
|4 0
|6 889_120000000000000_ΚΑΙ
|7 1
|9 328084
|a LISP
|b LISP
|c ADM
|d 2021-09-03
|e ΠΑΝ
|i 093147
|l 0
|o 889.12 ΚΑΙ
|p 025000162456
|r 2021-09-03 00:00:00
|t 1
|w 2021-09-03
|y BKN
|
| 999 |
|
|
|c 183861
|d 183861
|
| 040 |
|
|
|a GR-PaULI
|b gre
|c GR-PaULI
|e AACR2
|
| 082 |
0 |
4 |
|a 889.12
|2 23
|
| 100 |
1 |
|
|a Καιροφύλας, Κώστας,
|d 1877-1961
|e συγγραφέας.
|9 31348
|
| 245 |
1 |
0 |
|a Σολωμού ανέκδοτα έργα /
|c Κ. Καιροφύλα.
|
| 250 |
|
|
|a 1η εκδ.
|
| 260 |
|
|
|a Αθήνα :
|b Στοχαστής,
|c 1927.
|
| 300 |
|
|
|a 167 σ. :
|b εικ. ;
|c 30 εκ.
|
| 500 |
|
|
|a Εξεδόθη μόνο εις χίλια αριθμημένα αντίτυπα. Από 1-15 εις papier d' arches. Από 16-1000 εις papier vergè.
|
| 600 |
1 |
0 |
|a Σολωμός, Διονύσιος,
|d 1798-1857
|9 167437
|
| 700 |
1 |
|
|a Σολωμός, Διονύσιος,
|d 1798-1857
|e συγγραφέας.
|9 167437
|
| 942 |
|
|
|2 ddc
|c BK
|